Patrick Wolf Discography - Statistics

General Stats
  • This quiz has been taken 2 times
  • The average score is 6 of 10
Answer Stats
Type Year Name % Correct
Album 2003 Lycanthropy
100%
Album 2012 Sundark and Riverlight
100%
Album 2009 The Bachelor
100%
Album 2007 The Magic Position
100%
Album 2005 Wind in the Wires
100%
EP 2011 Brumalia EP
50%
Album 2011 Lupercalia
50%
EP 2011 Lemuralia EP
0%
EP 2002 The Patrick Wolf EP
0%
EP 2009 The Spinster EP
0%
No matching quizzes found
Score Distribution
Percent of People with Each Score
Percentile by Number Answered
Your Score History
You have not taken this quiz